| 000 | 00478nam a22001697a 4500 | ||
|---|---|---|---|
| 003 | BD-DhUL | ||
| 005 | 20181122113514.0 | ||
| 008 | 181118s1939 pk ||||| |||| 000 0 urd d | ||
| 040 |
_aBD-DhUL _cBD-DhUL |
||
| 082 |
_a891.431 _bAKN |
||
| 100 | 0 | _aاختر شیرانی | |
| 245 | 0 |
_aنغمۂ حرم / _cاختر شیرانی |
|
| 260 |
_aلاہور : _bمکتبہ اردو، _c۱۹۳۹۔ |
||
| 300 |
_aص۔ ۱۱۲ ؛ _c۲۴ سم۔ |
||
| 650 | 4 | _aUrdu poetry | |
| 942 |
_2ddc _cBK |
||
| 999 |
_c244751 _d244751 |
||